[Event "GRE Cup 30th"]
[Site "Achaia"]
[Date "2012.06.28"]
[Round "1.1"]
[White "Kitharidis, Argyrios"]
[Black "Halkias, Stelios"]
[Result "0-1"]
[WhiteElo "1948"]
[BlackElo "2570"]
[PlyCount "128"]
[EventDate "2012.06.28"]
[EventType "team-k.o."]
[EventRounds "2"]
[EventCountry "GRE"]
[SourceTitle "CBM 149 Extra"]
[Source "ChessBase"]
[SourceDate "2012.08.24"]
[SourceVersion "1"]
[SourceVersionDate "2012.08.24"]
[SourceQuality "1"]
[WhiteTeam "Kalamarias YMCA"]
[BlackTeam "Peristeriou"]
[WhiteTeamCountry "GRE"]
[BlackTeamCountry "GRE"]

1. e4 c5 2. c3 Nf6 3. e5 Nd5 4. d4 cxd4 5. cxd4 e6 6. Nf3 d6 7. Bc4 Nb6 8. Bb5+ Bd7 9. Bxd7+ N8xd7 10. 0-0 Be7 11. Nc3 dxe5 12. dxe5 0-0 13. b3 Rc8 14. Ne4 Nd5 15. Bb2 Nc5 16. Qd4 Nxe4 17. Qxe4 Qa5 18. Rfd1 h6 19. Nd2 Rfd8 20. Nc4 Qa6 21. Qg4 Bf8 22. a4 Rc7 23. Ba3 Bxa3 24. Rxa3 b5 25. axb5 Qxb5 26. h3 Qb4 27. Qf3 Rb8 28. Rda1 Qc5 29. Ra5 Rb5 30. Ra6 Rb8 31. R6a5 Qe7 32. Qd3 Rcb7 33. R1a3 Qg5 34. Rxa7 Rxa7 35. Rxa7 Qxg2+ 36. Kxg2 Nf4+ 37. Kf3 Nxd3 38. Ra3 Rb5 39. Ke3 Nxe5 40. Ra8+ Kh7 41. Nxe5 Rxe5+ 42. Kd4 Re2 43. f3 Rf2 44. b4 Rxf3 45. b5 Rxh3 46. b6 Rb3 47. Kc5 Rc3+ 48. Kd6 Rb3 49. Kc6 g5 50. b7 Kg6 51. b8Q Rxb8 52. Rxb8 h5 53. Kc5 Kf5 54. Kd4 Kf4 55. Kd3 Kf3 56. Rb7 f5 57. Re7 h4 58. Rxe6 h3 59. Re3+ Kg2 60. Re2+ Kg3 61. Re3+ Kg4 62. Re2 f4 63. Ke4 Kg3 64. Rb2 g4 0-1